000 00355 a2200109 4500
001 ART_10724
005 20260410161831.0
008 260409a
245 1 0 _aLa integración sudamericana en los umbrales del siglo XXI
100 1 _aJacobo, Alejandro D.
773 0 _tActualidad Económica
_g- Año XVI, Nº 60 (sep./dic. 2006)
_wREV5083
999 _c23223
_d23223